Alternative management systems for fisheries

Guardado en:
Detalles Bibliográficos
Formato: Libro
Lenguaje:Undetermined
Publicado: London Fishing Nes Books 1999
Materias:
Etiquetas: Agregar Etiqueta
Sin Etiquetas, Sea el primero en etiquetar este registro!
Thư viện lưu trữ: Trung tâm Học liệu Trường Đại học Cần Thơ
LEADER 00478nam a2200181Ia 4500
001 CTU_68126
008 210402s9999 xx 000 0 und d
020 |b 107 
082 |a 333.956 
082 |b A466 
245 0 |a Alternative management systems for fisheries 
245 0 |c Edited by David Symes 
260 |a London 
260 |b Fishing Nes Books 
260 |c 1999 
650 |a Fishery policy 
904 |i Minh 
980 |a Trung tâm Học liệu Trường Đại học Cần Thơ